000
00310 a2200157 4500
001
183047
020
_a
040
_c
Magnum
100
_a
MourĂ£o, Rui
240
1
0
_a
Boca de chafariz
_l
por
245
1
0
_a
Boca de chafariz
300
_a
241
362
0
_a
1992
697
_a
LITERATURA GERAL
942
_c
BK
999
_c
183047
_d
183047